<?xml version="1.0" encoding="UTF-8"?>
<record
    xmlns:xsi="http://www.w3.org/2001/XMLSchema-instance"
    xsi:schemaLocation="http://www.loc.gov/MARC21/slim http://www.loc.gov/standards/marcxml/schema/MARC21slim.xsd"
    xmlns="http://www.loc.gov/MARC21/slim">

  <leader>00904nam a2200301Ia 4500</leader>
  <controlfield tag="001">AUWbook000737</controlfield>
  <controlfield tag="003">BDCtgAUW</controlfield>
  <controlfield tag="005">20260406154917.0</controlfield>
  <controlfield tag="008">220908s9999    xx            000 0 eng d</controlfield>
  <datafield tag="020" ind1=" " ind2=" ">
    <subfield code="a">0385413726</subfield>
  </datafield>
  <datafield tag="040" ind1=" " ind2=" ">
    <subfield code="a">BDCtgAUW</subfield>
    <subfield code="c">BDCtgAUW</subfield>
  </datafield>
  <datafield tag="050" ind1=" " ind2=" ">
    <subfield code="a">DS119.7.F736</subfield>
  </datafield>
  <datafield tag="100" ind1="1" ind2=" ">
    <subfield code="a">Friedman, Thomas L.</subfield>
  </datafield>
  <datafield tag="245" ind1=" " ind2="0">
    <subfield code="a">From beirut to jerusalem.</subfield>
  </datafield>
  <datafield tag="260" ind1=" " ind2=" ">
    <subfield code="a">New York :</subfield>
    <subfield code="b">Anchor Books/Doubleday,</subfield>
    <subfield code="c">1995.</subfield>
  </datafield>
  <datafield tag="650" ind1=" " ind2="0">
    <subfield code="a">1982</subfield>
    <subfield code="x">1985.</subfield>
    <subfield code="9">79302</subfield>
  </datafield>
  <datafield tag="650" ind1=" " ind2="0">
    <subfield code="a">Arab</subfield>
    <subfield code="x">Israeli conflict</subfield>
    <subfield code="x">1973</subfield>
    <subfield code="x">1993.</subfield>
    <subfield code="9">79228</subfield>
  </datafield>
  <datafield tag="650" ind1=" " ind2="0">
    <subfield code="a">Arab</subfield>
    <subfield code="x">Israeli conflict</subfield>
    <subfield code="x">1993</subfield>
    <subfield code="x">.</subfield>
    <subfield code="9">79229</subfield>
  </datafield>
  <datafield tag="650" ind1=" " ind2="0">
    <subfield code="a">L.</subfield>
    <subfield code="9">6361</subfield>
  </datafield>
  <datafield tag="650" ind1=" " ind2="0">
    <subfield code="a">Lebanon</subfield>
    <subfield code="x">History</subfield>
    <subfield code="x">Israeli intervention.</subfield>
    <subfield code="9">79303</subfield>
  </datafield>
  <datafield tag="650" ind1=" " ind2="0">
    <subfield code="a">Lebanon</subfield>
    <subfield code="x">Politics and government</subfield>
    <subfield code="x">1975</subfield>
    <subfield code="x">1990.</subfield>
    <subfield code="9">79304</subfield>
  </datafield>
  <datafield tag="650" ind1=" " ind2="0">
    <subfield code="a">World history.</subfield>
  </datafield>
  <datafield tag="651" ind1=" " ind2="0">
    <subfield code="a">Middle East</subfield>
    <subfield code="x">Politics and government</subfield>
    <subfield code="y">1979.</subfield>
    <subfield code="9">79305</subfield>
  </datafield>
  <datafield tag="887" ind1=" " ind2=" ">
    <subfield code="a"> BRAC</subfield>
    <subfield code="2">2982</subfield>
  </datafield>
  <datafield tag="888" ind1=" " ind2=" ">
    <subfield code="2">2982</subfield>
  </datafield>
  <datafield tag="942" ind1=" " ind2=" ">
    <subfield code="c">BK</subfield>
    <subfield code="0">0</subfield>
    <subfield code="2">lcc</subfield>
  </datafield>
  <datafield tag="945" ind1=" " ind2=" ">
    <subfield code="c">BK</subfield>
  </datafield>
  <datafield tag="999" ind1=" " ind2=" ">
    <subfield code="c">16844</subfield>
    <subfield code="d">16844</subfield>
  </datafield>
</record>
